|
|
|
|
| LEADER |
00719nam a2200217Ia 4500 |
| 001 |
CTU_109191 |
| 008 |
210402s9999 xx 000 0 und d |
| 082 |
|
|
|a 923.244
|
| 082 |
|
|
|b O.11
|
| 100 |
|
|
|a D. P. O'Connell
|
| 245 |
|
0 |
|a Richelieu :
|
| 245 |
|
0 |
|b Europe, il faut périr plutost qu'être sujette. Il faut qu'au prix du sang la liberté s'achette Richelieu - Demaretz, Mirame, III, 2
|
| 245 |
|
0 |
|c D. P. O'Connell
|
| 260 |
|
|
|a Lodon
|
| 260 |
|
|
|b Weidenfeld and Nicolson
|
| 260 |
|
|
|c 1968
|
| 650 |
|
|
|a Richelieu, armand jean du plessis, duc de, 1585-1642,France
|
| 650 |
|
|
|x History
|
| 650 |
|
|
|y Louis XIII, 1610-1643
|
| 904 |
|
|
|i Giang
|
| 980 |
|
|
|a Trung tâm Học liệu Trường Đại học Cần Thơ
|